Cases in collective bargaining and industrial relations : (Record no. 8481)

MARC details
000 -LEADER
fixed length control field 00649nam a22001697a 4500
020 ## - INTERNATIONAL STANDARD BOOK NUMBER
ISBN 9780256035032
050 ## - CALL NUMBER
Classification number KF3408.A4
Item number Sc6
245 ## - TITLE
Title Cases in collective bargaining and industrial relations :
Remainder of title a decisional approach /
Statement of responsibility, etc Sterling H. Schoen, Raymond L. Hilgert.
250 ## - EDITION
Edition statement 5th ed.
260 ## - PUBLICATION INFORMATION
Place of publication Illinois
Name of publisher Irwin, Homewood, Ill.
Year of publication 1986
300 ## - DESCRIPTION
Number of Pages xii, 475 p. ;
Other physical details 23 cm.
500 ## - NOTES
General note Includes bibliographies and indexes<br/>Published: Irwin, Homewood, Ill.,
505 ## - FORMATTED CONTENTS NOTE
Table of Content PT1. Legal aspects for collective bargaining<br/>PT2. Case problems to union- management<br/>
650 ## - SUBJECTS
Topical Term Labour relations
942 ## - ADDED ENTRY ELEMENTS (KOHA)
Koha item type Books
Holdings
Withdrawn status Lost status Home library Current library Shelving location Date acquired Source of acquisition Full call number Accession Number Koha item type
    Methodist University Library Tema Methodist University Library Tema General Stacks 29/09/2024 Donated by Abbey's Family KF3408.A4 Sc6 9071 Books
Copyright © 2026  MUG Library